[Event "Alushta Autumn 1st"]
[Site "Alushta"]
[Date "2004.08.31"]
[Round "5"]
[White "Ovetchkin, Roman"]
[Black "Kuzubov, Yuriy"]
[Result "1-0"]
[WhiteElo "2475"]
[BlackElo "2467"]
[Annotator "Rogozenco,D"]
[PlyCount "141"]
[EventDate "2004.08.28"]
[EventType "tourn"]
[EventRounds "15"]
[EventCountry "UKR"]
[EventCategory "9"]
[SourceTitle "CBM 103"]
[Source "ChessBase"]
[SourceDate "2004.11.11"]
[SourceVersion "1"]
[SourceVersionDate "2004.11.11"]
[SourceQuality "1"]

1. e4 c5 2. Nf3 Nc6 3. c3 Nf6 4. e5 Nd5 5. d4 cxd4 6. cxd4 d6 7. Bc4 e6 8. a3 {
Usually the early advance of the a-pawn is connected with the development of
the bishop to d3 rather than c4. The drawbacks of 8.a3 can be exploited later
by Black.} Be7 9. O-O O-O 10. Qe2 Qb6 {[%csl Rb3,Rd4][%cal Gc6a5] A concrete
and good reaction, exploiting weaknesses of White's queenside.} (10... Bd7) 11.
Rd1 ({Black obtains sufficient counterplay after} 11. Qe4 Na5 {Moves like 11...
Bd7 are possible too, of course.} 12. Bd3 f5 13. exf6 Nxf6 14. Qh4 Nb3 {
demonstrates a concrete way to exploit negative sides of a move like 8.a3.})
11... Na5 {[%cal Ga5b3]} 12. Bxd5 {This is practically forced, since after
other continuations Black gets a comfortable play very quick:} (12. Nbd2 Nxc4
13. Nxc4 Qa6 14. Bg5 Bd7 $1 15. Bxe7 Nxe7 16. exd6 Nf5 17. Nfe5 Ba4 18. Rd2 Bb5
19. a4 Bxc4 20. Qxc4 Qxd6 21. Rc1 Rfd8 22. Nf3 Ne7 23. Qb5 Rab8 $11 {1/2-1/2
Rozentalis,E-Hansen,S/Copenhagen 2004 (30)}) (12. Bd3 $2 Nb3 13. Ra2 Nxc1 14.
Rxc1 Nf4 $15 {1/2-1/2 Janahi,Z-Mirzoeva,E/Abu Dhabi 2002 (65)}) 12... exd5 13.
Nc3 Be6 ({The less natural} 13... Qc6 {has in fact a very clear threat - Nb3
followed by Bf5 and therefore might be a simpler way to equalize.} 14. Bf4 (14.
Qc2 Bg4 15. b4 Rfc8 16. bxa5 Qxc3 17. Qxc3 Rxc3 18. Bd2 Rc7 19. Rdc1 Rac8 20.
Rxc7 Rxc7 21. Bb4 dxe5 22. Bxe7 Rxe7 23. Nxe5 Bf5 24. Rc1 f6 25. Nf3 Re2 $15 {
0-1 Mestrovic,Z-Kozul,Z/Pula 2000 (46)}) 14... Nb3 15. Ra2 a6 (15... Bf5 $5)
16. Qc2 Na5 17. Qa4 $11 {Stevic,H-Kozul,Z/Pula 1999}) 14. Bg5 (14. Be3 $6 Nc4
15. Rab1 Rae8 $15 {1/2-1/2 Groeber,E-Wink,R/corr 1926 (39)}) (14. Bf4 Rac8 15.
Rd3 h6 16. exd6 Bxd6 $11 {0-1 Todorov,A-Pasteiner,J/Laguna 1996 (39)}) 14...
Rfe8 ({After} 14... Bxg5 15. Nxg5 dxe5 {in order to fight for advantage White
must go for double-edged variation:} (15... Qc6 $2 16. Rac1 $16 {1-0 Roldan,
A-Perez,I/IECG Email 2000 (23)}) 16. dxe5 (16. Qxe5 Nb3 17. Rab1 Rad8 $11 {
[%csl Rb1,Gb3]}) 16... h6 17. b4 (17. Nf3 Nb3 18. Ra2 d4 {is not acceptable
for White}) 17... hxg5 18. bxa5 Qxa5 19. Nb5 $13) 15. Bxe7 Rxe7 16. Qd3 h6 17.
exd6 Qxd6 18. Ne5 {The position is close to equal, although White can claim a
slight plus thannks to the passive bishop on e6.} Rc8 (18... Nb3 $2 {runs into}
19. Nb5 $18) ({Serious attention deserved the immediate} 18... Nc4 19. Re1 $1 (
19. Qe2 Rae8 {is completely satisfactory for Black.}) 19... Nxb2 20. Qe2 Nc4
21. Nxc4 dxc4 22. d5 {White wins a piece, but Black is able to take three
pawns:} Rae8 23. dxe6 Rxe6 24. Qf1 Rxe1 25. Rxe1 Rxe1 26. Qxe1 Qxa3 27. h3 a6
$13 28. Nd5 (28. Qe8+ $6 Qf8) 28... g6 (28... Qf8 29. Nb6 Qc5 30. Qe8+ Kh7 31.
Nd7) 29. Qe5 b5 30. Nf6+ Kf8 {and it is not clear if White can achieve more
than a draw.} 31. g4 Qe7 $11) 19. Re1 Nc4 20. Re2 a6 21. Rae1 Rec7 {[%csl Rc3]
[%cal Gc4a3,Gc4b2]} 22. Nxc4 {A dangerous decision, which worked out in the
game.} (22. Nd1 $11) 22... dxc4 $1 (22... Rxc4 23. Re5 $14 {[%cal Gc3d5]}) 23.
Qd1 (23. Qd2 Rd7 24. Re4 Rcd8 $11 {/=/+}) 23... Bf5 $2 {Losing control over
square d5 proves to be fatal. Both 23...Rd7 and even 23...Re7 would have
offered at least equal chances.} (23... Bd5 $2 24. Re5 $16) (23... Re7 24. h3 (
24. d5 $6 Bg4 25. f3 Rxe2 26. Qxe2 Bd7) 24... Rce8) ({The easiest way to get a
reasonable position was} 23... Rd7 24. d5 {Practically forced, in order to
avoid being worse.} (24. Rd2 $6 {[%cal Gc3e4,Ge4c5]} Bf5 $1 $15 {[%cal Gf5d3]})
{If Black does not wish to calculate, than after the simple} 24... Bf5 $1 {
with a very reasonable position.} (24... Bxd5 {leads to unnecessary
complications:} 25. Rd2 Rc5 26. Re4 {[%cal Ge4d4]} (26. Re8+ Kh7 27. Re4 Qg6
28. Rg4 Qe6 29. Rgd4 Bxg2 $1 (29... Bf3 30. Qb1+ $18) 30. Rxd7 Rg5 $40) 26...
Qg6 27. Rg4 Qe6 {[%cal Gd5c6]} 28. Rgd4 Bxg2 (28... Bf3 $1 29. gxf3 Rg5+ 30.
Rg4 Rxg4+ 31. fxg4 Rxd2 32. Qxd2 Qxg4+ 33. Kf1 Qh3+ 34. Ke1 Qxh2 $16) 29. Rxd7
Rg5 30. Rd8+ Kh7 31. f4 $13 {and now Black must choose between 31...Qe3+
followed by 32...Rg6, or take the queen with 31...Bf3+. In both cases, however,
Black is fighting for a draw.})) 24. Re5 Bd3 (24... Be6 25. d5 $16) 25. Nd5 $16
{/+-} Kh7 (25... Rd7 26. Ne7+ Rxe7 27. Rxe7 Qxd4 28. Rxb7 $18) 26. Nxc7 Rxc7 {
With an exchange up White has a technically winning position. Nevertheless the
win requires a long play, and probably influenced by the time there will be
still lots of mistakes ahead.} 27. Qd2 (27. Qg4 $5) (27. d5 $5 f6 28. Re8 Qxd5
29. Rb8 Rd7 30. Ree8 $16) 27... Rc6 (27... Qxd4 28. Qc3 $16) 28. Qc3 Rb6 29. b4
Qg6 30. R1e3 (30. Re7 Rd6 31. a4 (31. Rxb7 $2 Be4) 31... b5 32. axb5 axb5 33.
R1e5 $16) 30... Rd6 31. h3 b5 32. d5 (32. Re7 {here brings nothing:} Qf6) 32...
Rd7 33. Qd4 Qd6 34. Qc5 ({One can question White's achievements in the last
few moves. Here he should have opted for the safe advantage:} 34. Rxd3 cxd3 35.
Qxd3+ g6 36. Qd4 $16) 34... f6 35. Qxd6 Rxd6 36. Re6 Rxd5 37. Rb6 Rd7 $2 (37...
c3 38. Rc6 c2 39. Kh2 h5 {the extra pawn on c2 is more than enough
compensation for the exchange. Black is completely out of danger.}) 38. Ree6 $4
(38. Rxa6 Rc7 (38... c3 39. Rc6 c2 40. Kh2 $16) 39. Rd6 c3 40. Rdxd3 c2 41. Rc3
c1=Q+ 42. Rxc1 Rxc1+ 43. Kh2 Rc2 44. Kg3 Ra2 45. Kf3 h5 46. h4 $16) 38... Bf5
$4 (38... c3 {would have won:} 39. Rbc6 Bc4 40. Re1 c2 $19 {[%cal Gd7d1]}) 39.
Rec6 Re7 40. Rc5 Bg6 41. Rxa6 $18 Re1+ 42. Kh2 Rc1 43. Rac6 Ra1 44. Rxb5 $2 (
44. Rc7 Rxa3 (44... Be8 45. Re7 $18 {[%cal Gc5c7]}) 45. Rxb5 {[%cal Gb5b7]} c3
46. Rbb7 h5 47. Rxg7+ Kh6 48. Rgc7 c2 49. Rb6 Ra1 50. Rbc6 Rb1 51. b5 Rxb5 52.
Rxf6 $18) 44... Be8 45. Rbc5 Bxc6 46. Rxc6 Rxa3 47. Rxc4 Rb3 ({Black had to
secure some counterplay. For instance:} 47... g5 48. b5 Rb3 49. Rc5 Kg6 50. g4
h5 51. Rf5 h4 $1 {[%csl Rh3]}) 48. h4 h5 49. g3 Kg6 (49... g5 $1) 50. Kg2 Kh6
$6 {Black is playing with fire. Passive play is always dangerous in such
positions.} (50... Kf5 51. Rc5+ (51. Rf4+ Ke5 {[%cal Gg7g5]}) 51... Ke4 (51...
Kg4 $4 52. f3+ Rxf3 53. Rc4+ $18) ({Even after} 51... Ke6 52. b5 g6 53. Kf1 Rb2
54. Ke1 Kd6 55. Rc6+ Ke5 56. b6 g5 {it remains unclear how can White win.}) 52.
b5 (52. Rxh5 Rxb4 53. Rh7 g5 54. h5 Kf5 $11) 52... g6 53. Rc6 Kf5 54. b6 g5
$132) 51. Rf4 $1 {White ideally arranged the pieces, while Black did nothing.
Difficult to save the game, but probably Black still can do it.} Kg6 52. Kf1
Rb2 53. Ke1 Kf7 54. Kd1 Ke6 55. Kc1 Re2 56. b5 Kd6 (56... g5 57. b6 $18) 57.
Rf5 Ke6 $4 (57... Ra2 58. Rxh5 (58. Kb1 Re2 59. Rxh5 Rxf2 60. b6 Kc6 61. Rb5
Kb7 $11) (58. Kd1 Ke6 $11) 58... Rxf2 59. b6 Kc6 60. Rh7 (60. Rb5 Kb7 {and
White can make no progress.}) 60... Kxb6 61. Rxg7 Kc6 $11) 58. Rxh5 Rxf2 59. b6
Kd7 (59... Kd6 60. Rb5 $18) 60. Rc5 $1 $18 Rf1+ 61. Kb2 Rf2+ 62. Kb3 Rf1 63.
Ka4 Kd6 64. Rc3 Ra1+ 65. Kb5 f5 66. b7 Rb1+ 67. Ka6 g6 68. Ka7 Ra1+ 69. Kb8 Re1
70. Ra3 Kc6 71. Ka8 1-0

[Event "Carlos Torre Wimbledon 16th"]
[Site "Merida"]
[Date "2003.12.18"]
[Round "2.2"]
[White "Espinosa Flores, Rafael Emilio"]
[Black "Zapata, Alonso"]
[Result "1/2-1/2"]
[WhiteElo "2415"]
[BlackElo "2472"]
[Annotator "Rogozenco,D"]
[PlyCount "95"]
[EventDate "2003.12.17"]
[EventType "k.o."]
[EventRounds "4"]
[EventCountry "MEX"]
[SourceTitle "CBM 099"]
[Source "ChessBase"]
[SourceDate "2004.03.30"]
[SourceVersion "1"]
[SourceVersionDate "2004.03.30"]
[SourceQuality "1"]

1. e4 c5 2. c3 Nf6 3. e5 Nd5 4. d4 cxd4 5. Nf3 Nc6 6. cxd4 d6 7. Bc4 Nb6 8. Bb5
dxe5 9. Nxe5 Bd7 10. Nxd7 Qxd7 11. Nc3 e6 12. O-O Be7 13. Qg4 O-O 14. Rd1 (14.
Bxc6 {Lately White concentrated on this move.} bxc6 (14... Qxc6 $1) 15. Bh6 {
and Black is forced to play 15...Bf6:} Bf6 16. Rfd1 Rfd8 17. Ne4 $14 {One of
the ideas behind 14.Bxc6 is to get this position. However, Black can avoid
breaking his pawn formation by taking on c6 with the queen. In the present
game White will reach this position avoiding ...Qxc6.}) (14. Bh6 $2 Qxd4) 14...
Rfd8 $1 15. Bh6 Bf6 $6 {Now White gets a slight advantage without any risks by
transfering to a well-known position, which usually arises via a different
move order (14.Bxc6 bxc6, see above).} (15... g6 $142) (15... Bf8 $142) 16. Ne4
Qe7 17. Bxc6 bxc6 18. h4 (18. Rac1 Kh8 $5 (18... Rac8 19. h4 $14)) 18... Rd5 (
18... Bxd4 $4 19. Rxd4 f5 (19... Rxd4 20. Qxg7#) 20. Rxd8+ Rxd8 21. Qg5 Qxg5 (
21... Qf8 22. Bxg7 $18) 22. Bxg5 $18) 19. Rac1 Bxd4 $5 {Changes the character
of rather unpleasant middlegame position. Although the arising endgamne is
better for White, Black will have counterplay.} (19... Rc8 20. Rc3 $14) 20.
Rxd4 f5 21. Qxg7+ Qxg7 22. Bxg7 fxe4 (22... Rxd4 $2 23. Bxd4 fxe4 24. Rxc6 $18)
23. Rxd5 (23. Rxc6 $2 Kxg7) 23... exd5 24. Bd4 Rc8 25. Rc3 $14 {Black has
reasonable chances thanks to counterplay with his central pawns. It's not easy
for White to keep them blockaded.} Kf7 26. f3 (26. g4 $6 Nc4 (26... Ke6 27. Kg2
Kd6 28. b4) 27. b4 (27. b3 c5) 27... a5 28. a3 axb4 29. axb4 Rb8 30. Bc5 Ke6) (
{Deserved attention} 26. Ra3 Rc7 27. b4) 26... exf3 27. Rxf3+ Ke7 28. Bc5+ Ke6
29. g4 {Pushing kingside majority is the only way to create some problems for
Black.} (29. b3 Nd7 $132) 29... Nc4 30. g5 $1 {White correctly sacrifices a
pawn for the initiative.} (30. b3 Nd2 {is fine for Black.}) 30... Nxb2 (30...
Ke5 31. Rf7 $1 $36 (31. b3 Nd6 {[%cal Gd6e4]} 32. Bxd6+ Kxd6 33. Rf7 d4 $1 34.
Kf1 (34. Rxh7 $2 d3 35. Rf7 d2 36. Rf1 Re8 $19) 34... Re8 35. h5 Re5 36. g6
hxg6 37. hxg6 d3 38. Rf3 Rg5 39. Rxd3+ Kc7 $11)) 31. Bd4 Nc4 32. Rf6+ Kd7 33.
Bc5 $1 Ne5 (33... Nd2 $5 34. Rf7+ Ke6 35. Rxh7 Ne4 36. Bxa7 c5 $132) 34. Rd6+
Ke7 $1 (34... Kc7 35. Rh6 Kd7 36. Kg2 $16) 35. Rxd5+ Ke6 36. Rd6+ Kf5 {Active
defence.} 37. Kg2 (37. Rh6 Rd8 38. Rxh7 Rd2 {with enough counterplay for a
draw.}) 37... Kg4 38. Rd4+ Kh5 39. Kg3 h6 40. gxh6 Kxh6 41. Bxa7 Ra8 42. Rd6+
Kh7 43. Bd4 Ra3+ 44. Kf4 Ng6+ 45. Kg4 Nxh4 46. Kxh4 Rxa2 {The inevitable
happened - White achieved maximum (I guess Black should have tried to prevent
it), but he immediately blunders.} 47. Kg5 $2 (47. Rxc6 Ra4 48. Rd6) 47... Ra5+
$1 48. Kh4 (48. Kh4 Rd5 $11) 1/2-1/2

[Event "NED-chT playoff"]
[Site "Enschede"]
[Date "2004.05.21"]
[Round "2"]
[White "Kroeze, Frank"]
[Black "Van der Wiel, John"]
[Result "1/2-1/2"]
[WhiteElo "2384"]
[BlackElo "2526"]
[Annotator "Rogozenco,D"]
[PlyCount "46"]
[EventDate "2004.05.20"]
[EventType "team"]
[EventRounds "2"]
[EventCountry "NED"]
[SourceTitle "CBM 101"]
[Source "ChessBase"]
[SourceDate "2004.07.27"]
[SourceVersion "1"]
[SourceVersionDate "2004.07.27"]
[SourceQuality "1"]

1. e4 c5 2. c3 Nf6 3. e5 Nd5 4. d4 cxd4 5. Nf3 Nc6 6. cxd4 d6 7. Bc4 Nb6 8. Bb5
dxe5 9. Nxe5 Bd7 10. Nxd7 Qxd7 11. Nc3 e6 12. O-O Be7 13. Qg4 O-O 14. Bxc6 bxc6
15. Bh6 Bf6 16. Rfd1 Rfd8 17. Ne4 Qe7 18. Rac1 Rac8 19. h4 Rd5 20. Rc3 {
This line has developed intensively during the past 2-3 years. White players
kept finding new ideas to develop the initiative, occasionally winning their
games. After those losses Black players were looking for antidotes and
generally succeedes to reach the desired draw. The verdict became clear -
White has slightly better chances, but with precise play Black is able to hold
the position. No real winning chances for Black here (unless White plays badly
of course). This can be suitable for some players with Black, but these days
most GMs prefer to choose a different opening line, which offer more fighting
resources.} Nd7 (20... Kh8 $2 21. Rf3 $1 $16 {Godena-Antunes, 1997}) 21. Rg3 {
Mutual weaknesses on d4 and c6 compensate each other. White's slightly more
active pieces offer him some possibilities to fight for advantage, though.} g6
22. Bg5 Kg7 $1 {The precise way to equalize.} (22... Rb5 23. Ra3 a5 24. Qf4 Rf5
25. Qd6 $1 $36 {1-0 Brynell,S-Kulaots,K/Helsingborg 2002 (35)}) 23. Ra3 (23.
Nxf6 Nxf6 24. h5 (24. Qf4 Nh5 $11) 24... Nxg4 25. Bxe7 Nh6 $11 (25... Rc7 $11))
(23. b3 h6 24. Bxf6+ Nxf6 25. Nxf6 Qxf6 26. h5 Rg5 27. Qh4 Rd8 28. hxg6 Qxg6
$11 {1/2-1/2 Rasmussen,P-Sutton,A/DEN-ENG corr 2000 (31)}) 23... h6 {A good
example of how to handle the position with Black against latest developments
of White players. Nevertheless the general impression remains the same - only
White can try to look for improvements in this line, while Black is condemned
to play very precise in order to neutralize opponent's attacking attempts.} (
23... h6 24. Be3 (24. Bxf6+ Nxf6 25. Nxf6 Qxf6 26. Rxa7 Rcd8) 24... a5 25. Qf4
Rh8 $1) 1/2-1/2

[Event "Decameron"]
[Site "Decameron"]
[Date "2003.12.09"]
[Round "7"]
[White "Nisipeanu, Liviu Dieter"]
[Black "Ramirez Alvarez, Alejandro"]
[Result "1-0"]
[WhiteElo "2675"]
[BlackElo "2483"]
[Annotator "Rogozenco,D"]
[PlyCount "49"]
[EventDate "2003.12.06"]
[EventType "tourn"]
[EventRounds "9"]
[EventCountry "DOM"]
[EventCategory "9"]
[SourceTitle "CBM 099"]
[Source "ChessBase"]
[SourceDate "2004.03.30"]
[SourceVersion "1"]
[SourceVersionDate "2004.03.30"]
[SourceQuality "1"]

1. e4 c5 2. Nf3 Nc6 3. c3 Nf6 4. e5 Nd5 5. d4 cxd4 6. cxd4 d6 7. Bc4 e6 8. O-O
Be7 9. Qe2 O-O 10. Nc3 {This is considered to offer Black excellent chances
against White's broken pawn structure. Nevertheless Nisipeanu proves that
dynamic factors such as space advantage and lead in development must also be
taken into consideration.} Nxc3 11. bxc3 dxe5 12. dxe5 Qa5 13. Qe4 Qa4 14. Bg5
h6 15. Bxe7 Nxe7 16. Rab1 {All this was met before.} Rb8 {The present game
shows that White's development advantage requires a precise play from Black.} (
16... Qc6 17. Qxc6 Nxc6 18. Rfd1 b6 $14 {/=}) (16... Bd7 $11) 17. Rb4 $1 $146 {
[%mdl 8] A good novelty. White plans to transfer the rook to the kingside.
Black must try to prevent that.} (17. Rfd1 b6 18. Rd4 Bb7 19. Qd3 Bxf3 $1 {
was met before, with advantage for Black.}) 17... Qc6 18. Qe3 b6 {It was time
to feel the danger in the position and eventually calculate some concrete
variations to prevent a possible attack. On the other hand Black's move
doesn't spoil much yet.} (18... a5 $5 19. Nd4 (19. Bb5 Nd5 (19... Qd5 20. c4
Qd8 21. Rb3 b6 22. Rd3 Qc7 23. Rfd1 $14 {The possesion of the d-file secures
White the initiative.}) 20. Qa7 (20. Bxc6 $2 Nxe3 {and both rooks are hanging})
20... Qb6 21. Qxb6 Nxb6 22. Rd4 Nd5 {shouldn't be a big problem for Black:} 23.
c4 Nc3 24. Rd3 (24. Rd2 b6 $11 {[%cal Gc3e4,Ge4c5]}) 24... Nxa2 25. Ra3 Nb4 26.
Rxa5 Rd8 $11) 19... Qc7 (19... Qc5 $5 20. Nf5 $140 Qxe3 21. Nxe7+ Kh7 (21...
Kh8 22. fxe3 axb4 23. Ng6+ Kg8 24. Nxf8 bxc3 25. Bb5 Kxf8 26. Rc1 b6 27. Rxc3
Bb7 28. Rc7 $14) 22. fxe3 axb4 23. Bd3+ g6 24. Nxg6 Rd8 25. Nf4+ Kg7 26. cxb4
$13) 20. Nb5 Qc6 {[%csl Rc4]} 21. Ra4 b6 $13) (18... Nf5 $2 19. Qxa7) 19. Bd3
$1 {[%cal Gb4g4]} Bb7 $6 {Carelessly allowing white rook to switch to the
g-file. After that each wrong step can be fatal for Black.} (19... Nf5 20. Bxf5
(20. Qc1 $5) 20... exf5 {is acceptable for Black.}) (19... Nd5 $6 20. Qe4 g6
21. Rc4 (21. Qh4 $2 Nxb4 22. Qxh6 $11 {[%cal Gd3g6]}) 21... Qd7 22. Qh4 Kg7 {
looks dangerous too.}) 20. Rg4 $40 Nf5 (20... Kh8 $142 21. Nd4 Qxc3 22. Qg3 g6
{This looks also dangerous, nevertheless, there are some defensive resources,
such as Kg7 and eventually even Ng8 if necessary.}) 21. Bxf5 exf5 22. Nd4 Qc8
$2 (22... Qd7 {This was the last chance for Black, although the position is
difficult.} 23. Rg3 (23. Rf4 Qd5 $1 24. Rf3 Rfe8 25. Re1 {is also good}) 23...
Kh7 24. Qf4 $16) 23. Rf4 $18 g6 (23... Be4 24. f3 g5 25. fxe4 gxf4 26. Rxf4 $18
) 24. Rh4 h5 25. Rxh5 (25. Rxh5 gxh5 26. Qg5+ Kh7 27. Qxh5+ Kg7 28. Qg5+ Kh7
29. Nxf5 $18) 1-0

[Event "EU-Cup 19th"]
[Site "Rethymno"]
[Date "2003.09.28"]
[Round "1.5"]
[White "Ochsner, Thomas"]
[Black "Zvjaginsev, Vadim"]
[Result "0-1"]
[WhiteElo "2362"]
[BlackElo "2653"]
[Annotator "Rogozenco,D"]
[PlyCount "54"]
[EventDate "2003.09.28"]
[EventType "team-swiss"]
[EventRounds "7"]
[EventCountry "GRE"]
[SourceTitle "CBM 098"]
[Source "ChessBase"]
[SourceDate "2004.02.03"]
[SourceVersion "1"]
[SourceVersionDate "2004.02.03"]
[SourceQuality "1"]
[WhiteTeam "Aarhus"]
[BlackTeam "Norilsk Nikel"]
[WhiteTeamCountry "DEN"]
[BlackTeamCountry "RUS"]

1. e4 c5 2. c3 Nf6 3. e5 Nd5 4. Nf3 e6 5. Bc4 d6 6. d4 cxd4 7. cxd4 Nb6 {
This retreat connected with a quick exchange of pawns in the center is quite
fashionable later.} 8. Bd3 (8. Bb3 dxe5 9. Nxe5 Nc6 {and here White can choose
between 10.Nxc6, or even 10.Nf3, in order to avoid the trade of queens after
10.0-0 Nxe5 11.dxe5 Qxd1 with immediate equality.}) 8... dxe5 9. Nxe5 ({After} 
9. dxe5 {Black can continue same strategy - chasing the bishop in order to
reach trade queens:} N8d7 $11 {[%cal Gd7c5]}) 9... Nc6 (9... Bb4+ 10. Nc3 Nc6
11. Bb5 $5 (11. Nf3 Nd5 {amazingly leads to the Panov Variation of Caro Kann.})
11... Bd7 12. Bxc6 Bxc6 13. O-O O-O 14. Qg4 Be7 15. Bh6 Bf6 16. h4 (16. Nxc6
bxc6 17. Rfd1 $14) 16... Kh8 17. Bg5 Rc8 18. Rad1 h6 19. Bxf6 Qxf6 20. Rd3 Rg8
$2 21. Ne4 Qe7 22. Nd6 $18 {1-0 Pedersen,N-Nielsen,U/Denmark 1995 (31)}) 10.
Nxc6 (10. Qf3 Nxe5 11. dxe5 Nd7 12. O-O Nxe5 13. Bb5+ Bd7 14. Qxb7 Qc8 15.
Bxd7+ Nxd7 16. Qb5 (16. Qxc8+ Rxc8 17. Nc3 Bb4 $15 {0-1 Hanley,C-Ward,C/
Torquay 2002 (52)}) 16... Rb8 (16... Bc5 $5 17. Rd1 Rb8) (16... Qc7 $5 17. Rd1
Bd6) 17. Qa4 Bc5 18. Qg4 Kf8 19. Nc3 Nf6 20. Qe2 h6 21. Bf4 $14 {1/2-1/2
Polovnikova,E-Cramling,P/Istanbul 2003 (66)}) (10. O-O Qxd4 11. Nxc6 bxc6 {
Leads to the position from the game.}) (10. Nf3 {Although never played in the
practice, this modest retreat is not worse than its alternatives.} Bb4+ $5 (
10... Be7) 11. Bd2 (11. Nc3 Nd5 {leads again to the Panov Variation of Caro
Kann.}) 11... Be7 $13 {/=}) 10... bxc6 11. O-O (11. Be4 $11 {is more cautious})
11... Qxd4 $1 {Most ambitious.} (11... Be7 $11) 12. Nc3 Be7 (12... Qd7 13. Qe2
Be7 14. Rd1 Qc7 15. Qg4 Bf6 16. Qh3 Nd5 17. Nxd5 cxd5 {also didn't give White
full compensation in Bezgodov,A-Kalegin,E/Ufa 1993.}) 13. Qc2 Bd7 14. Rd1 {
Black is better after this natural move.} (14. Be3 $142 Qh4 15. Ne4 {with some
compensation.}) 14... Nd5 $1 {[%cal Gd5b4]} 15. Nxd5 (15. a3 $142) 15... cxd5
16. Qc7 Qb6 17. Qe5 (17. Qg3 O-O 18. Bh6 (18. Be3 Bc5 19. Bxc5 Qxc5 20. Rac1
Qb6 $17) 18... Qxb2 $1 (18... Bf6 19. Qh3 $1)) 17... O-O (17... Bf6 18. Qh5 g6
19. Qh6 {and at least White keeps the opponent's king on e8 for a while.}) 18.
Be3 Qd6 19. f4 $2 {This is hopeless.} ({After} 19. Qh5 {Black can choose
between 19...g6 and 19...f5, in both cases with clear advantage, but without
queens White has no chances at all to escape.}) 19... Qxe5 20. fxe5 a5 $19 21.
Rac1 Rfc8 22. Kf2 f6 23. Bd4 fxe5 24. Bxe5 Bf6 25. Bxf6 gxf6 26. Ke3 Kf7 27.
Kd4 Ke7 0-1